00476nam a2200193Ia 45000030006000000050017000060080041000230200018000640400009000820410012000910820018001031000021001212450034001422500008001762600032001843000008002165050024002246500034002480Nust20170105110250.0161124s9999 xx 000 0 und d a0-07-135182-5 cIGIS aEnglish a658.8421bHUG aHughes .Arthur M aStrategic Data base Marketing a2nd aNew yorkbMc Graw hllc1998 a439 aData base Marketing aStrategic Data base Marketing